Великата френска революция (Запис номер 56434)
[ съкратено ]
| 000 -Лидер | |
|---|---|
| Контролно поле с фиксирана дължина | 01805nam a2200349 c 4500 |
| 003 - Код на организацията, давaща контролен номер | |
| Контролно поле | BLK |
| 005 - Дата и час на последна редакция | |
| Контролно поле | 20180422102010.0 |
| 008 - Елементи от данни с фиксирана дължина | |
| fixed length control field | 180408b bul|||||r ||||||| ||bul|| |
| 010 ## - Наследен системен номер | |
| LC control number | KNG00060415000 |
| 040 ## - Източник на каталожния запис | |
| Идентификатор на билиотеката - собственик на записа | BLK |
| 041 ## - Код за език | |
| Код за езика на текст/звукозапис или на отделно заглавие | Български |
| Код за езика КДБФ | Български |
| 080 ## - УДК | |
| Текстов определител УДК | Справочно-библиографска и информационна работа - Форми на пропаганда на книгата, библиографски помагала, пътеводители по литературата и др. Вж и 028 |
| УДК код - определител по УДК | 025.5 |
| УДК определител | |
| УДК - код + определител | 025.5 |
| 080 ## - УДК | |
| Текстов определител УДК | История на Франция |
| УДК код - определител по УДК | 944 |
| УДК определител | |
| УДК - код + определител | 944 |
| 139 ## - Редно поле | |
| Редна дума | Великата френска революция |
| Авторски знак | Вели - В 39 |
| 245 10 - Сведения за заглавието | |
| Заглавие | Великата френска революция |
| Подзаглавни данни | По случай 200-год. й : Метод. и библиогр. материали за подпомагане работата на библ. |
| Редно поле (дума) | състав. Евелина Пенчева Василева; състав. Иван Йорданов Иванов; ред. Христо Николов Хаджихристов. |
| 257 ## - Страна на издаване | |
| Страна на създаване/издаване | България |
| 260 ## - Област на издателските данни | |
| -- | София |
| Име на издателя, разпространителя и проч. | Нар. библ. Св. св. Кирил и Методий |
| Година на издаване | 1989 |
| 300 ## - Физическа характеристика | |
| Страници | 112 с. |
| Размери/Мащаб | 20 см |
| 380 ## - Жанр | |
| Жанр | Общ отдел |
| 650 #4 - Допълнително описание по предмет – тема | |
| Основно описание – тема или топоним | Френска буржоазна революция |
| 9 (RLIN) | 246040 |
| 653 ## - Ключова дума – ненормативна | |
| Ключова дума | Франция |
| 653 ## - Ключова дума – ненормативна | |
| Ключова дума | революции |
| 653 ## - Ключова дума – ненормативна | |
| Ключова дума | библиографски указатели |
| 700 1# - Други автори (авторска отговорност) | |
| Лично име | Василева, Евелина Пенчева |
| Автороска отговорност (Описва отношението между автора и произведението) | състав. |
| 9 (RLIN) | 367660 |
| 700 1# - Други автори (авторска отговорност) | |
| Лично име | Иванов, Иван Йорданов |
| Автороска отговорност (Описва отношението между автора и произведението) | състав. |
| 9 (RLIN) | 259348 |
| 700 1# - Други автори (авторска отговорност) | |
| Лично име | Хаджихристов, Христо Николов |
| Автороска отговорност (Описва отношението между автора и произведението) | ред. |
| 9 (RLIN) | 259349 |
| 852 ## - Местоположение | |
| Форматна сигнатура | Цб 158570 |
| 856 4# - Електронен адрес и достъп | |
| Електронен формат | pdf - файл |
| Път до файла /url/ | |
| 856 4# - Електронен адрес и достъп | |
| Електронен формат | pdf - файл |
| Път до файла /url/ | |
| 942 ## - АРТИКУЛИ | |
| Вид на библиотечния материал | Книги |
| Скрит в OPAC | Не |
| 944 ## - СЪЗДАВАНЕ И РЕДАКЦИЯ на ЗАПИСА | |
| Създаване/Редакция | Създаване |
| Дата на регистрацията/редакция | 13.06.2004 |
| Служител, извършил регистрацията/редакцията | Читалня |
| 944 ## - СЪЗДАВАНЕ И РЕДАКЦИЯ на ЗАПИСА | |
| Създаване/Редакция | Редакция |
| Дата на регистрацията/редакция | 02.03.2011 |
| Служител, извършил регистрацията/редакцията | |
| 999 ## - СИСТЕМНИ КОНТРОЛНИ НОМЕРА | |
| Koha biblionumber | 56434 |
| Koha biblioitemnumber | 56434 |
| Код за отписване | Код за изгубен артикул | Източник на класификационната схема | Код за повреда | Коз за рестрикции | Код за отдаване | Артикулен № | Име на библиотеката - собственик | Име на библиотеката, в която се намира в момента | Статус (Текущо местоположение) | Дата на вписване в системата | Местоположение - отдел | Цена в лева | Инвентарен номер | Систематично азбучна сигнатура | Баркод | Номер на екземпляра | Цена в евро | Служебна бележка | Служебен тип на артикула |
|---|---|---|---|---|---|---|---|---|---|---|---|---|---|---|---|---|---|---|---|
| Изтеглен | Не е изгубен | Universal Decimal Classification | Не е повреден | без рестрикции | ползва се в читалня | 89539 | Регионална библиотека "Любен Каравелов" Русе | Регионална библиотека "Любен Каравелов" Русе | Читалня - справочен фонд | 1993-01-01 | Читалня - справочен фонд | 1.80 | 519606 | СЧ 02/В 39 | 519606 | 1 | 0.92 | Дата инв: 21.03.2017 Бележки инв: СЧ2017 | Книги |
| Не е изгубен | Universal Decimal Classification | Не е повреден | без рестрикции | ползва се в читалня | 89540 | Регионална библиотека "Любен Каравелов" Русе | Регионална библиотека "Любен Каравелов" Русе | Хранилище | 1989-01-01 | Хранилище | 1.80 | 519281 | Цб 158570 | 120000519281 | 2 | 0.92 | Дост: Dp Вид: Д N: стар фонд Дата: 01.01.1989 | Книги | |
| Изтеглен | Не е изгубен | Universal Decimal Classification | Не е повреден | без рестрикции | ползва се в читалня | 89541 | Регионална библиотека "Любен Каравелов" Русе | Регионална библиотека "Любен Каравелов" Русе | СБИД | 1989-01-01 | СБИД | 1.80 | 519605 | С 02/В 39 | 519605 | 3 | 0.92 | Дост: Pk Вид: Ф N: стар фонд Дата: 01.01.1989 Дата инв: 09.06.2017 Бележки инв: С2017 | Книги |
| Изтеглен | Не е изгубен | Universal Decimal Classification | Не е повреден | без рестрикции | ползва се в читалня | 89542 | Регионална библиотека "Любен Каравелов" Русе | Регионална библиотека "Любен Каравелов" Русе | Заемна - справочен фонд | 1989-01-01 | Заемна - справочен фонд | 1.80 | 519608 | СП 025/В 39 | 519608 | 4 | 0.92 | Дост: Pk Вид: Ф N: стар фонд Дата: 01.01.1989 Дата инв: 19.02.2018 Бележки инв: СП2018 | Книги |